000 00423cam a2200157 i 4500
020 _a047102953X
050 0 0 _aQD305.C3
_bS76
100 1 _aStowell, John C.
_d1938-
245 1 0 _aCarbanions in organic synthesis /
_cJohn C. Stowell.
260 _aNew York :
_bWiley,
_cc1979.
300 _axi, 247 p. ;
500 _a"A Wiley-Interscience publication."
500 _aIncludes indexes.
650 0 _xSynthesis.
942 _cGEN
999 _c1840
_d1840